000 00530nam a2200169Ia 4500
003 GCL
008 140319s9999 xx 000 0 ara d
040 _aGCL /
_cGCL
082 0 4 _a813.01
_bم ه
100 1 _aمحمد البساطى
245 1 0 _aهذا ما كان (هدية من الاديب عبدالفتاح الجمل) /
_cمحمد البساطى
300 _a79 ص
490 _aمختارات فصول
_v0
650 0 4 _aالادب العربى
650 0 4 _aالقصص العربية القصيرة
942 _2ddc
_cBK
999 _c47269
_d47269